000 00472nam a2200169Ia 4500
005 20250326125553.0
008 250326s9999 xx 000 0 und d
037 _aTextbook
040 _aFMSL
_beng
_cFMSL
041 _aeng
_2eng
084 _aX L4
_qFMSL
245 0 _aIndia pocket book of economic information 1973 & 1974
260 _aFaridabad
_bFaridabad, Government Of India
_c1974
300 _a377p
942 _cTB
_hX L4
999 _c1278626
_d1278626